Movie Posters XI Quiz Stats

 Plays Quiz Updated Jun 11, 2018

Score 0/24 Timer 06:00
20 Plays Today
% Correct
The Avengers
94.4%
Star Wars
94.3%
Brave
84.8%
Taken
84.7%
Spy Kids
83.9%
Where the Wild Things Are
74.8%
Napoleon Dynamite
73.6%
Easy A
73.4%
The Dark Knight Rises
71.3%
Singin' in the Rain
71%
Date Night
67.5%
Twins
66.3%
% Correct
10 Things I Hate About You
61.8%
O Brother Where Art Thou?
57.2%
Con-Air
56.5%
Field of Dreams
50.5%
The Cabin in the Woods
50.3%
Cloverfield
45.2%
The Good, the Bad, and the Ugly
44%
Man on the Moon
35.7%
Heat
35.4%
The Deer Hunter
32.2%
The Game
27.2%
Adaptation.
24.4%

You're not logged in!

Compare scores with friends on all Sporcle quizzes.
OR
Log In

Sporcle TV

Today on Sporcle TV


Watch our educational content, quiz creation guides, and fun videos on Sporcle TV.

Show Comments

Extras

Top Quizzes Today


Score Distribution

Your Account Isn't Verified!

In order to create a playlist on Sporcle, you need to verify the email address you used during registration. Go to your Sporcle Settings to finish the process.

Report this User

Report this user for behavior that violates our Community Guidelines.

Details: